Sintonización de controladores de segundo orden de dos grados de libertad
Uloženo v:
| Hlavní autor: | |
|---|---|
| Další autoři: | |
| Médium: | Kniha |
| Jazyk: | Spanish |
| Vydáno: |
[San José, Costa Rica]
2010
|
| Témata: | |
| Tagy: |
Přidat tag
Žádné tagy, Buďte první, kdo vytvoří štítek k tomuto záznamu!
|
MARC
| LEADER | 00000nam a2200000Ia 4500 | ||
|---|---|---|---|
| 003 | 010474 | ||
| 005 | 20240417113421.0 | ||
| 008 | 140114s2010 cr a 000 ||spa d | ||
| 040 | |c cru CEDI | ||
| 090 | |a TFG 6357 | ||
| 100 | |a Garro Núñez, Eric Andrés, 1989- |9 858 | ||
| 245 | |a Sintonización de controladores de segundo orden de dos grados de libertad | ||
| 260 | |a [San José, Costa Rica] |c 2010 | ||
| 500 | |a Proyecto de graduación (bachillerato de ingeniería)--Universidad de Costa Rica. Facultad de Ingeniería. Escuela de Ingeniería Eléctrica | ||
| 501 | |a Profesor Guía de IE-0502 Proyecto Eléctrico: Ing. Víctor Alfaro Ruiz, M.Sc. | ||
| 650 | |x CONTROLADORES PID |x CONTROL AUTOMATICO |x CONTROLADORES LOGICOS PROGRAMABLES |9 677 | ||
| 700 | |a Alfaro Ruiz, Víctor Manuel, 1950- |d Director de Proyecto Eléctrico |9 1328 | ||
| 942 | |c TFG |h TFG 6357 |i 010474 |6 TFG_6357_010474000000000 | ||
| 999 | |c 15848 |d 15848 | ||
